Brand Success (Record no. 10537)

MARC details
000 -LEADER
fixed length control field 00384nam a22001697a 4500
003 - CONTROL NUMBER IDENTIFIER
control field OSt
008 - FIXED-LENGTH DATA ELEMENTS--GENERAL INFORMATION
fixed length control field 210303b ||||| |||| 00| 0 eng d
020 ## - INTERNATIONAL STANDARD BOOK NUMBER
International Standard Book Number 9788179923498
082 ## - DEWEY DECIMAL CLASSIFICATION NUMBER
Classification number 658.8270954 KAB
100 ## - MAIN ENTRY--PERSONAL NAME
Personal name KAPOOR, Jagdeep
245 ## - TITLE STATEMENT
Title Brand Success
250 ## - EDITION STATEMENT
Edition statement 4th
260 ## - PUBLICATION, DISTRIBUTION, ETC. (IMPRINT)
Place of publication, distribution, etc New Delhi
Name of publisher, distributor, etc Jaico
Date of publication, distribution, etc 2013
300 ## - PHYSICAL DESCRIPTION
Extent 145
650 ## - SUBJECT ADDED ENTRY--TOPICAL TERM
Topical term or geographic name as entry element General Books
942 ## - ADDED ENTRY ELEMENTS (KOHA)
Source of classification or shelving scheme Dewey Decimal Classification
Koha item type Text Books
942 ## - ADDED ENTRY ELEMENTS (KOHA)
-- 1
Holdings
Withdrawn status Lost status Source of classification or shelving scheme Damaged status Not for loan Collection code Home library Current library Date acquired Source of acquisition Currency Cost, normal purchase price Bill Number Total Checkouts Full call number Acc. no. / Barcode Date last seen Date last borrowed Actual Cost, discounted price Bill Date Koha item type Public note
    Dewey Decimal Classification     GENERAL PIET C-LIBRARY PIET C-LIBRARY 03/03/2021 Kirti Prakashan Indian Rup 299.00 IN1743 2 658.827 KAB 32619 09/05/2023 06/05/2023 194.35 01/03/2021 Text Books Motivational
    Dewey Decimal Classification     GENERAL PIET C-LIBRARY PIET C-LIBRARY 03/03/2021 Kirti Prakashan Indian Rup 299.00 IN1743 2 658.827 KAB 32620 28/08/2023 21/08/2023 194.35 01/03/2021 Text Books Motivational

Design & Developed by: PIET Central Library
R70 Miles Stone Pattikalyana Samalkha Panipat 132102
mail ID :- [email protected], Phone No:- 0180-2569700 Ex.216